Community Pharmacy Management (Record no. 13784)

MARC details
000 -LEADER
fixed length control field 00463nam a22001817a 4500
003 - CONTROL NUMBER IDENTIFIER
control field OSt
008 - FIXED-LENGTH DATA ELEMENTS--GENERAL INFORMATION
fixed length control field 260112b |||||||| |||| 00| 0 eng d
020 ## - INTERNATIONAL STANDARD BOOK NUMBER
International Standard Book Number 9789349865914
082 ## - DEWEY DECIMAL CLASSIFICATION NUMBER
Classification number 615.1 KAC
100 ## - MAIN ENTRY--PERSONAL NAME
Personal name Kaker, Satinder
245 ## - TITLE STATEMENT
Title Community Pharmacy Management
260 ## - PUBLICATION, DISTRIBUTION, ETC. (IMPRINT)
Place of publication, distribution, etc N.Delhi
Name of publisher, distributor, etc Rudransh
Date of publication, distribution, etc 2025
300 ## - PHYSICAL DESCRIPTION
Extent xxiii,178
650 ## - SUBJECT ADDED ENTRY--TOPICAL TERM
Topical term or geographic name as entry element SOCIAL AND PREVENTIVE PHARMACY
700 ## - ADDED ENTRY--PERSONAL NAME
Personal name Ramandeep Singh
700 ## - ADDED ENTRY--PERSONAL NAME
Personal name Maheshwari, Amisha
942 ## - ADDED ENTRY ELEMENTS (KOHA)
Source of classification or shelving scheme Dewey Decimal Classification
Koha item type Text Books
Holdings
Withdrawn status Lost status Source of classification or shelving scheme Damaged status Not for loan Collection code Home library Current library Date acquired Source of acquisition Currency Cost, normal purchase price Bill Number Total Checkouts Full call number Acc. no. / Barcode Date last seen Actual Cost, discounted price Bill Date Koha item type
    Dewey Decimal Classification     Diploma in Pharmacy PIET C-LIBRARY PIET C-LIBRARY 08/01/2026 Zafaa Books Distributres Indian Rup 290.00 ZBD0373   615.1 KAC DP1511 12/01/2026 217.50 04/01/2026 Reference Books
    Dewey Decimal Classification     Diploma in Pharmacy PIET C-LIBRARY PIET C-LIBRARY 08/01/2026 Zafaa Books Distributres Indian Rup 290.00 ZBD0373   615.1 KAC DP1512 12/01/2026 217.50 04/01/2026 Text Books
    Dewey Decimal Classification     Diploma in Pharmacy PIET C-LIBRARY PIET C-LIBRARY 08/01/2026 Zafaa Books Distributres Indian Rup 290.00 ZBD0373   615.1 KAC DP1513 12/01/2026 217.50 04/01/2026 Text Books

Design & Developed by: PIET Central Library
R70 Miles Stone Pattikalyana Samalkha Panipat 132102
mail ID :- [email protected], Phone No:- 0180-2569700 Ex.216